000 00681nam a22002417a 4500
001 30679
003 UA-OsUOA
005 20220209215509.0
007 ta
008 20041112b un ||||| |||| 00| 0 ukr d
040 _aUA-OsUOA
_bukr
_cUA-OsUOA
_dUA-OsUOA
041 _aukr
044 _aUA
080 _a82.09(477)
090 _a82.09(477)
_bГ62
100 _aГолубєва З. С.
245 _aМикола Бажан: нарис творчості
_cЗ. С. Голубєва ; рец. І. В. Зуб, О. В. Шпильова
260 _aКиїв
_bДніпро
_c1984
300 _a207 с.
_bІлюстрації
650 7 _2UDC
942 _cBK
_2udc
955 _a0
999 _c317093
_d317093